|
|
|
|
| LEADER |
00000nab a2200000 a 4500 |
| 001 |
vtls000908119 |
| 003 |
SK-MaSNL |
| 005 |
20260303211030.0 |
| 008 |
040720e20010724xo 0 slo |
| 035 |
|
|
|a KE17053
|
| 040 |
|
|
|a KEVKJB
|b slo
|c KEVKJB
|e AACR2
|
| 041 |
0 |
|
|a slo
|
| 044 |
|
|
|a xo
|c SK
|
| 080 |
|
|
|a 796.966
|2 1981
|
| 100 |
1 |
|
|a Špacai, Marián
|4 aut
|9 877406
|
| 245 |
1 |
0 |
|a Košičania menia logo i klubové farby, extraligu by mali hrávať v nových modro-bielych dresoch
|b Na prvom tréningu na ľade sa kormidelníkom hlásilo dvadsaťdeväť hráčov
|
| 300 |
|
|
|b 2 foto
|
| 610 |
2 |
7 |
|a HC Košice
|2 SNK
|9 29558
|
| 650 |
0 |
7 |
|a hokej
|2 SNKPH
|9 3232
|
| 650 |
0 |
7 |
|a farby
|2 SNKPH
|9 3746
|
| 650 |
0 |
7 |
|a modrá farba
|2 SNK
|9 594476
|
| 650 |
0 |
7 |
|a biela farba
|2 SNK
|9 1243373
|
| 650 |
0 |
7 |
|a logá
|2 SNK
|9 51868
|
| 650 |
0 |
7 |
|a hráči
|2 SNK
|9 873640
|
| 651 |
|
7 |
|a Košice (Slovensko)
|2 SNKPHgeo
|9 18694
|
| 773 |
0 |
8 |
|t Košický denník Korzár
|g Roč. 4, č.169, 24.7.2001, s. 2
|x 1335-4566
|
| 773 |
0 |
8 |
|i Príl.:
|t Šport
|
| 852 |
|
|
|a ZVYKNI
|b KIS3GCP
|
| 999 |
|
|
|c 2202677
|d 2204607
|